[Event "4th Sunway Formentera Op"]
[Site "Sant Ferran de ses Roques ESP"]
[Date "2025.04.29"]
[Round "1.1"]
[White "Fedorchuk, Sergey A."]
[Black "Hirth, Julien"]
[Result "1-0"]
[WhiteTitle "GM"]
[WhiteElo "2563"]
[BlackElo "2062"]
[WhiteFideId "14102536"]
[BlackFideId "636606"]
[EventDate "2025.04.29"]

1. e4 d6 2. d4 Nf6 3. Nc3 e5 4. Nf3 Nbd7 5. Bc4 Be7 6. a4 O-O 7. O-O c6 8. Re1
h6 9. h3 Re8 10. a5 Bf8 11. Be3 exd4 12. Bxd4 b5 13. axb6 Nxb6 14. Bb3 Be6 15.
Ra6 Bxb3 16. cxb3 c5 17. Bxf6 Qxf6 18. Qd3 Qe6 19. Nb5 Qd7 20. Rea1 Qb7 21. Nd2
Nc8 22. Nc3 Nb6 23. Nc4 Nxc4 24. bxc4 Qb3 25. R1a2 g6 26. R6a3 Qb7 27. Qd5 Qd7
28. Nb5 a6 29. f3 h5 30. Rxa6 Rxa6 31. Rxa6 Re5 32. Qd2 d5 33. Qf4 Bg7 34. Ra7
Qe8 35. Nc7 Qe7 36. Ra8+ Kh7 37. Nxd5 Qb7 38. Nf6+ Bxf6 39. Qxf6 Qxa8 40. Qxf7+
Kh6 41. Qf4+ Rg5 42. h4 Qa1+ 43. Kh2 Qxb2 44. hxg5+ Kg7 45. Qc7+ Kg8 46. Qxc5
Qc1 47. Qd5+ Kf8 48. Qd8+ Kg7 49. Qf6+ Kh7 50. Qf7+ Kh8 51. Qf8+ Kh7 52. Qh6+ 1-0

[Event "4th Sunway Formentera Op"]
[Site "Sant Ferran de ses Roques ESP"]
[Date "2025.04.29"]
[Round "1.2"]
[White "Leidorf, Sebastian"]
[Black "Dragnev, Valentin"]
[Result "0-1"]
[BlackTitle "GM"]
[WhiteElo "2060"]
[BlackElo "2538"]
[WhiteFideId "24639001"]
[BlackFideId "1634852"]
[EventDate "2025.04.29"]

1. c4 Nf6 2. g3 e5 3. Bg2 h6 4. Nc3 Bb4 5. Qb3 Bxc3 6. Qxc3 O-O 7. e4 d5 8. exd5
c6 9. Ne2 cxd5 10. cxd5 Nxd5 11. Qxe5 Nb4 12. O-O N8c6 13. Qc3 Nd3 14. Be4 Nce5
15. f4 Bg4 16. Nd4 Rc8 17. fxe5 Rxc3 18. dxc3 Nxc1 19. Raxc1 Qa5 20. e6 Bxe6 21.
Nxe6 Re8 22. Bf5 fxe6 23. Bg6 Qb6+ 24. Rf2 Rd8 25. Rf1 Rd2 26. Kg2 Qxb2 27. h4
Qxa2 28. h5 Qd5+ 29. Kh2 a5 30. Rxd2 Qxd2+ 31. Kh3 Qxc3 32. Rf7 Qc6 33. Re7 a4 0-1

[Event "4th Sunway Formentera Op"]
[Site "Sant Ferran de ses Roques ESP"]
[Date "2025.04.29"]
[Round "1.3"]
[White "Kogan, Arthur"]
[Black "Stivelberg Pereira, Leandro"]
[Result "1-0"]
[WhiteTitle "GM"]
[WhiteElo "2484"]
[BlackElo "2023"]
[WhiteFideId "2800802"]
[BlackFideId "2221993"]
[EventDate "2025.04.29"]

1. c4 c6 2. e4 d5 3. exd5 cxd5 4. d4 Nf6 5. Nc3 Nc6 6. Bg5 e6 7. Nf3 Be7 8. c5
Ne4 9. Bxe7 Qxe7 10. Qc2 Nxc3 11. Qxc3 O-O 12. Bb5 e5 13. dxe5 Bg4 14. Bxc6 bxc6
15. O-O-O Rab8 16. Kb1 Bxf3 17. gxf3 Rb5 18. Rc1 Rfb8 19. b3 a5 20. Ka1 Qh4 21.
Rhg1 Qxf2 22. e6 g6 23. Qf6 fxe6 24. Qxe6+ Kg7 25. Qe5+ Kg8 26. Rg4 Qxf3 27. Rf4
Qh3 28. Rcf1 Rxb3 29. axb3 Qxb3 30. Qe6+ Kg7 31. Qe7+ Kg8 32. Rf8+ 1-0

[Event "4th Sunway Formentera Op"]
[Site "Sant Ferran de ses Roques ESP"]
[Date "2025.04.29"]
[Round "1.4"]
[White "Stevens, Christian FRA"]
[Black "Lopez Martinez, Josep Manuel"]
[Result "0-1"]
[BlackTitle "GM"]
[WhiteElo "2013"]
[BlackElo "2460"]
[WhiteFideId "649090"]
[BlackFideId "2212943"]
[EventDate "2025.04.29"]

1. e4 c5 2. Nc3 a6 3. g3 b5 4. Bg2 Bb7 5. a4 b4 6. Nd5 e6 7. Ne3 Nf6 8. d3 d5 9.
e5 Nfd7 10. f4 Nc6 11. Nf3 Be7 12. O-O O-O 13. b3 a5 14. Bb2 Qc7 15. Qe2 Rac8
16. Rae1 Qb6 17. Kh1 Rc7 18. g4 Nd4 19. Qf2 f6 20. Qg3 Nxf3 21. Rxf3 fxe5 22.
fxe5 Rcc8 23. Ref1 Rxf3 24. Rxf3 Qd8 25. Rf1 Bh4 26. Qh3 Qe7 27. Kg1 Rf8 28.
Rxf8+ Nxf8 29. d4 Ng6 30. Qf3 Bg5 31. c3 bxc3 32. Bxc3 cxd4 33. Bxd4 Qc7 34. h3 0-1

[Event "4th Sunway Formentera Op"]
[Site "Sant Ferran de ses Roques ESP"]
[Date "2025.04.29"]
[Round "1.5"]
[White "Omelja, Artem"]
[Black "Silva, Lourenco Santa Clara"]
[Result "1-0"]
[WhiteTitle "GM"]
[WhiteElo "2397"]
[BlackElo "1995"]
[WhiteFideId "14119846"]
[BlackFideId "1971344"]
[EventDate "2025.04.29"]

1. d4 Nf6 2. c4 e6 3. Nc3 Bb4 4. e3 O-O 5. Ne2 d5 6. a3 Be7 7. Ng3 Re8 8. Be2
Nbd7 9. O-O Bf8 10. Qc2 g6 11. Rd1 h5 12. h3 c6 13. e4 dxe4 14. Ngxe4 Qc7 15.
Ng5 Bg7 16. Be3 b6 17. Rac1 Bb7 18. Bf3 Rad8 19. b4 Qb8 20. Qa4 Qa8 21. Qb3 Nf8
22. a4 Rd7 23. Ra1 a6 24. Ra2 Red8 25. Rad2 N8h7 26. Nxh7 Nxh7 27. d5 cxd5 28.
cxd5 Bxc3 29. Qxc3 Bxd5 30. Bxb6 Rc8 31. Bxd5 Rxd5 32. Rxd5 exd5 33. Qe5 Qb8 34.
Bd4 Qxe5 35. Bxe5 f6 36. Bg3 Rc4 37. Bd6 Kf7 38. Rxd5 Ke6 39. Rd1 Ng5 40. f3 Nf7
41. Bf8 Rc8 42. Bc5 a5 43. Rb1 Ne5 44. Bb6 axb4 45. Rxb4 Rc1+ 46. Kh2 Rc2 47.
Kg3 g5 48. h4 Ng6 49. hxg5 fxg5 50. Be3 g4 51. fxg4 h4+ 52. Kh2 Ne5 53. Bb6 Kd6
54. Kh3 Ng6 55. a5 Rc3+ 56. Kh2 Ra3 57. Rc4 Kd5 58. Rd4+ 1-0

[Event "4th Sunway Formentera Op"]
[Site "Sant Ferran de ses Roques ESP"]
[Date "2025.04.29"]
[Round "1.6"]
[White "Fernandez Vazquez, Jorge"]
[Black "Suvradeepta, Das"]
[Result "1/2-1/2"]
[BlackTitle "FM"]
[WhiteElo "1991"]
[BlackElo "2324"]
[WhiteFideId "22222294"]
[BlackFideId "5058031"]
[EventDate "2025.04.29"]

1. c4 b6 2. d4 Bb7 3. Nc3 e6 4. a3 f5 5. Nf3 Nf6 6. d5 Qc8 7. e4 fxe4 8. Ng5 Be7
9. Ngxe4 O-O 10. Be2 exd5 11. Nxd5 Nxd5 12. cxd5 Qe8 13. Qd4 Rf5 14. d6 cxd6 15.
O-O d5 16. Ng3 Rf8 17. Bf3 Qf7 18. Be3 Na6 19. Qg4 Nc5 20. b4 Ne6 21. Rad1 Rad8
22. Bxd5 Bc6 23. Qe4 Bxd5 24. Qxd5 Bf6 25. Ne4 Kh8 26. Nxf6 Qxf6 27. Qb7 d5 28.
Rxd5 Rxd5 29. Qxd5 Nf4 30. Bxf4 Qxf4 31. Qb7 Qf7 32. Qxf7 Rxf7 33. Rc1 h6 34. f3
Rd7 35. Rc8+ Kh7 36. Ra8 Kg6 37. Kf2 Re7 38. f4 Rc7 39. g3 Kf5 40. Kg2 Kg4 41.
h3+ Kf5 42. Rf8+ Kg6 43. Ra8 Rc2+ 44. Kf1 Rc3 45. Rxa7 Rxg3 46. Ra6 Kf7 47. Rxb6
Rxa3 48. Kg2 Rb3 49. b5 h5 50. Rb8 g6 51. b6 Kg7 52. b7 Kh7 53. Kf2 Kg7 54. Ke2
Rb2+ 55. Kd3 Rb1 56. Kc2 Rb4 57. Kc3 Rb1 1/2-1/2

[Event "4th Sunway Formentera Op"]
[Site "Sant Ferran de ses Roques ESP"]
[Date "2025.04.29"]
[Round "1.7"]
[White "Bauer, Thomas"]
[Black "Spitz, Patrick"]
[Result "1-0"]
[WhiteTitle "CM"]
[WhiteElo "2245"]
[BlackElo "1981"]
[WhiteFideId "1639293"]
[BlackFideId "613118"]
[EventDate "2025.04.29"]

1. e4 d5 2. exd5 Qxd5 3. Nc3 Qa5 4. d4 Nf6 5. Bc4 c6 6. Nf3 Bf5 7. Bd2 e6 8. Nd5
Qd8 9. Nxf6+ gxf6 10. O-O Bd6 11. Re1 Qd7 12. Bf1 Qc7 13. c4 Nd7 14. b4 Rg8 15.
g3 h5 16. Qb3 O-O-O 17. Bg2 e5 18. c5 Bf8 19. Qxf7 Rg7 20. Qc4 exd4 21. Nxd4 Ne5
22. Qc3 Bg4 23. h3 Bd7 24. Bf4 Re8 25. Nf3 Rge7 26. Nxe5 fxe5 27. Bg5 Rf7 28.
Rad1 Bf5 29. Rd2 Rd7 30. Rxd7 Kxd7 31. Qf3 Be6 32. Qxh5 Bd5 33. Rd1 1-0

[Event "4th Sunway Formentera Op"]
[Site "Sant Ferran de ses Roques ESP"]
[Date "2025.04.29"]
[Round "1.8"]
[White "Seppala, Joni"]
[Black "Aishwin, Daniel"]
[Result "1/2-1/2"]
[BlackTitle "CM"]
[WhiteElo "1977"]
[BlackElo "2236"]
[WhiteFideId "511285"]
[BlackFideId "25037714"]
[EventDate "2025.04.29"]

1. d4 f6 2. Nf3 d6 3. e4 e5 4. c4 c5 5. d5 g6 6. Nc3 Bg7 7. g3 Ne7 8. h4 h6 9.
h5 g5 10. Nh2 f5 11. f3 a6 12. Bh3 O-O 13. O-O Nd7 14. exf5 Nxf5 15. Bxf5 Rxf5
16. Ng4 Rf8 17. a4 Qe8 18. Ne4 Qxh5 19. Nxd6 Qg6 20. Nxc8 Raxc8 21. Qe2 Rf7 22.
Ra3 Rcf8 23. Kg2 h5 24. Nh2 Bh6 25. Rb3 b6 26. a5 bxa5 27. Ra3 Bg7 28. Rxa5 Rb8
29. Qe4 Qf6 30. Qd3 Rb4 1/2-1/2

[Event "4th Sunway Formentera Op"]
[Site "Sant Ferran de ses Roques ESP"]
[Date "2025.04.29"]
[Round "1.9"]
[White "Pimpalkhare, Vedant"]
[Black "Al Ibrahim, Abdulrahman"]
[Result "1-0"]
[WhiteTitle "CM"]
[BlackTitle "CM"]
[WhiteElo "2199"]
[BlackElo "1974"]
[WhiteFideId "25048236"]
[BlackFideId "10300503"]
[EventDate "2025.04.29"]

1. Nf3 d5 2. g3 c5 3. Bg2 Nc6 4. O-O e5 5. d3 Be7 6. Nbd2 Be6 7. a3 h5 8. c4 h4
9. cxd5 Bxd5 10. Qa4 Qd7 11. Nxe5 Nxe5 12. Qxd7+ Kxd7 13. Bxd5 Rb8 14. Nc4 f6
15. Rd1 b5 16. Ne3 Nc6 17. Nc2 hxg3 18. hxg3 Bd6 19. b4 cxb4 20. axb4 Nge7 21.
Bg2 Rbc8 22. Be3 Rc7 23. Rdb1 Nc8 24. Bxc6+ Rxc6 25. Nd4 Rb6 26. Nf5 Rb7 27.
Nxd6 Kxd6 28. Ra6+ Kd7 29. Rba1 Re8 30. Kf1 Rh8 31. Kg2 Re8 32. Kf3 Re6 33. R6a5
Rc6 34. Bxa7 Nxa7 35. Rxa7 Kc7 36. R1a5 1-0

[Event "4th Sunway Formentera Op"]
[Site "Sant Ferran de ses Roques ESP"]
[Date "2025.04.30"]
[Round "2.1"]
[White "Pimpalkhare, Vedant"]
[Black "Fedorchuk, Sergey A."]
[Result "0-1"]
[WhiteTitle "CM"]
[BlackTitle "GM"]
[WhiteElo "2199"]
[BlackElo "2563"]
[WhiteFideId "25048236"]
[BlackFideId "14102536"]
[EventDate "2025.04.29"]

1. d4 Nf6 2. Nf3 e6 3. e3 b6 4. Bd3 Bb7 5. O-O Be7 6. c4 O-O 7. Nc3 d5 8. cxd5
exd5 9. b3 a6 10. Bb2 Re8 11. Rc1 Bd6 12. Ne2 Nbd7 13. Ng3 g6 14. Qc2 Rc8 15.
Qe2 h5 16. Rfd1 Qe7 17. Nf1 Ne4 18. Rc2 Ra8 19. Rdc1 c6 20. N3d2 Ndf6 21. f3 Ng5
22. Qf2 Ne6 23. Ng3 Rad8 24. Ndf1 Qd7 25. Ne2 Bf8 26. Re1 Bg7 27. h3 Ng5 28. Qh4
Nfh7 29. Qf2 Qe7 30. Nf4 Qd6 31. Kh1 Re7 32. g4 hxg4 33. hxg4 c5 34. dxc5 bxc5
35. Bxg7 Kxg7 36. Ng2 Nf6 37. Nh2 Rh8 38. Nf4 d4 0-1

[Event "4th Sunway Formentera Op"]
[Site "Sant Ferran de ses Roques ESP"]
[Date "2025.04.30"]
[Round "2.2"]
[White "Dragnev, Valentin"]
[Black "Deodhar, Vrushali Umesh"]
[Result "1-0"]
[WhiteTitle "GM"]
[BlackTitle "WFM"]
[WhiteElo "2538"]
[BlackElo "2120"]
[WhiteFideId "1634852"]
[BlackFideId "5076030"]
[EventDate "2025.04.29"]

1. e4 e6 2. d4 d5 3. Nc3 Nf6 4. e5 Nfd7 5. f4 c5 6. Nf3 Nc6 7. Be3 a6 8. Qd2 b5
9. Be2 Qb6 10. Nd1 b4 11. c3 a5 12. O-O Ba6 13. Bxa6 Qxa6 14. f5 cxd4 15. Bxd4
Nc5 16. Qe3 Ne4 17. fxe6 fxe6 18. Nf2 Nxf2 19. Rxf2 Be7 20. Ng5 Nxd4 21. cxd4 h6
22. Nf7 Rf8 23. Qg3 Qa7 24. Qg6 Kd7 25. Rd1 Rac8 26. b3 Rg8 27. g3 Qb8 28. Rdf1
Qb6 29. Nd6 Rcd8 30. Nf7 Rc8 31. Rf4 Qc6 32. R1f2 Qc1+ 33. Kg2 Qd1 34. Nd6 Bxd6
35. Rf7+ Kc6 36. Qxe6 Rcd8 37. exd6 Qxd4 38. Rc2+ Kb5 39. Qe2+ Kb6 40. Rc6+ 1-0

[Event "4th Sunway Formentera Op"]
[Site "Sant Ferran de ses Roques ESP"]
[Date "2025.04.30"]
[Round "2.3"]
[White "Lasinskas, Povilas"]
[Black "Kogan, Arthur"]
[Result "0-1"]
[WhiteTitle "FM"]
[BlackTitle "GM"]
[WhiteElo "2105"]
[BlackElo "2484"]
[WhiteFideId "12800503"]
[BlackFideId "2800802"]
[EventDate "2025.04.29"]

1. d4 d5 2. c4 e6 3. Nc3 c6 4. Nf3 f5 5. Qc2 Bd6 6. Bg5 Ne7 7. e3 O-O 8. Be2 Nd7
9. O-O b6 10. Bf4 Bxf4 11. exf4 Ng6 12. g3 Bb7 13. Rfe1 Rf6 14. Rac1 c5 15. cxd5
exd5 16. Bd3 Qf8 17. Bb5 Qd6 18. Qa4 Ndf8 19. Re5 Ne6 20. Rce1 Nc7 21. Bd3 Qf8
22. R5e3 c4 23. Bf1 Qd6 24. Ne5 Bc6 25. Qc2 b5 26. Nb1 Ne6 27. Nf3 Bd7 28. Re5
Rff8 29. R5e3 Qb6 30. Bg2 Rad8 31. Nc3 Nc7 32. h4 Rf6 33. h5 Nf8 34. Re5 Bc8 35.
Qd1 Nfe6 36. Ng5 Nxg5 37. fxg5 Rfd6 38. g6 hxg6 39. hxg6 Rxg6 40. Nxd5 Nxd5 41.
Bxd5+ Kh7 42. Bf7 Rg4 43. Qxg4 fxg4 44. Rh5+ Qh6 45. Rxh6+ Kxh6 46. Re5 g6 47.
Rc5 Bf5 48. d5 Bd3 49. Be6 Be2 50. Rc6 Kg7 51. Rc7+ Kf6 52. Rf7+ Ke5 53. Rf4 b4
54. Bxg4 Bd3 55. Rf7 c3 56. bxc3 bxc3 57. Rc7 c2 58. f4+ Kd4 59. Kf2 Bc4 0-1

[Event "4th Sunway Formentera Op"]
[Site "Sant Ferran de ses Roques ESP"]
[Date "2025.04.30"]
[Round "2.4"]
[White "Lopez Martinez, Josep Manuel"]
[Black "Lemonnier, Remi"]
[Result "1-0"]
[WhiteTitle "GM"]
[WhiteElo "2460"]
[BlackElo "2099"]
[WhiteFideId "2212943"]
[BlackFideId "648280"]
[EventDate "2025.04.29"]

1. Nf3 d5 2. c4 d4 3. g3 Nc6 4. Bg2 e5 5. O-O e4 6. Ne1 h5 7. d3 e3 8. fxe3 h4
9. exd4 hxg3 10. d5 Bg4 11. Nf3 Rxh2 12. Bf4 Bc5+ 13. e3 Nd4 14. Nbd2 Bh3 15.
Nxh2 gxh2+ 16. Kh1 Bxg2+ 17. Kxg2 Nf5 18. Kh1 g5 19. e4 Nfh6 20. Bg3 Qd7 21. Nb3
Be3 22. Qf3 Ng4 23. Rae1 O-O-O 24. Rxe3 Nxe3 25. Qxe3 Qh3 26. Qf3 Nh6 27. Nd4
Ng4 28. Nf5 Rh8 29. d6 1-0

[Event "4th Sunway Formentera Op"]
[Site "Sant Ferran de ses Roques ESP"]
[Date "2025.04.30"]
[Round "2.5"]
[White "Sudarshan, Bhat"]
[Black "Omelja, Artem"]
[Result "1/2-1/2"]
[BlackTitle "GM"]
[WhiteElo "2103"]
[BlackElo "2397"]
[WhiteFideId "35070843"]
[BlackFideId "14119846"]
[EventDate "2025.04.29"]

1. e4 e5 2. Nf3 Nc6 3. Bb5 a6 4. Ba4 Nf6 5. Qe2 Bd6 6. c3 O-O 7. O-O Re8 8. Bb3
h6 9. d3 Bf8 10. Rd1 d5 11. Nbd2 Be6 12. Nf1 Qd7 13. Ng3 Rad8 14. d4 exd4 15. e5
d3 16. Qxd3 Ne4 17. Bc2 f5 18. exf6 Nxf6 19. Bf4 Bd6 20. Bxd6 Qxd6 21. Re1 Re7
22. Nh4 Rde8 23. Ng6 Rf7 24. Re2 Bd7 25. Rxe8+ Nxe8 26. Re1 Qc5 27. Re2 Nf6 28.
h3 Ne7 29. Ne5 Bb5 30. Qe3 Qxe3 31. Rxe3 Rf8 1/2-1/2

[Event "4th Sunway Formentera Op"]
[Site "Sant Ferran de ses Roques ESP"]
[Date "2025.04.30"]
[Round "2.6"]
[White "Steinhauer, Artur"]
[Black "Bauer, Thomas"]
[Result "0-1"]
[BlackTitle "CM"]
[WhiteElo "2090"]
[BlackElo "2245"]
[WhiteFideId "16263596"]
[BlackFideId "1639293"]
[EventDate "2025.04.29"]

1. e4 c5 2. Nf3 d6 3. d4 cxd4 4. Nxd4 Nf6 5. Nc3 a6 6. Rg1 b5 7. a4 b4 8. Nd5 e6
9. Nxf6+ Qxf6 10. Be3 Bb7 11. Bd3 Nd7 12. Qd2 Nc5 13. f3 d5 14. exd5 Bxd5 15.
Ne2 Rc8 16. Kf2 Bd6 17. b3 O-O 18. Ng3 Nxd3+ 19. Qxd3 Rc3 20. Qe2 Rfc8 21. Rgc1
a5 22. Nf1 h5 23. Rab1 Be5 24. Kg1 Qg6 25. Bd2 Bxf3 26. Bxc3 Bxe2 27. Bxe5 h4
28. Bd4 Bf3 29. g3 Bb7 30. Re1 Rxc2 31. Bf2 Qf5 0-1

[Event "4th Sunway Formentera Op"]
[Site "Sant Ferran de ses Roques ESP"]
[Date "2025.04.30"]
[Round "2.7"]
[White "Suvradeepta, Das"]
[Black "Seppala, Joni"]
[Result "1-0"]
[WhiteTitle "FM"]
[WhiteElo "2324"]
[BlackElo "1977"]
[WhiteFideId "5058031"]
[BlackFideId "511285"]
[EventDate "2025.04.29"]

1. e4 c5 2. Nf3 d6 3. d4 cxd4 4. Nxd4 Nf6 5. Nc3 a6 6. Bg5 e6 7. f4 h6 8. Bh4
Be7 9. Qf3 g5 10. fxg5 Nfd7 11. Bg3 hxg5 12. O-O-O Qc7 13. Be2 Ne5 14. Bxe5 dxe5
15. Nb3 Nc6 16. Rdf1 Rh7 17. Qg3 Rh4 18. Qf3 Rh7 19. Qg3 Rh4 20. Bg4 Bd7 21. Qf3
O-O-O 22. h3 Rh7 23. Rd1 Na5 24. Nxa5 Qxa5 25. Rd3 Kb8 26. Rhd1 Bc6 27. Rxd8+
Bxd8 28. Qd3 Rh8 29. Rf1 Rh7 30. Qd6+ Qc7 31. Qf8 f5 32. Rd1 Rd7 33. exf5 Rxd1+
34. Bxd1 exf5 35. Qxf5 Bxg2 36. Bf3 Bxf3 37. Qxf3 Qc4 38. Qd3 Qf4+ 39. Kb1 Bb6
40. a3 Bd4 41. Ne2 Qf1+ 42. Ka2 Bb6 43. Nc3 Qf7+ 44. Qd5 Qf5 45. Qe4 Qf4 46. Qd3
Qf7+ 47. Kb1 Bd4 48. Ne4 Qf4 49. a4 Qh4 50. c3 Bb6 51. Qd6+ Bc7 52. Qf8+ Ka7 53.
Qf2+ Qxf2 54. Nxf2 Kb6 55. Kc2 Kc6 56. Kd3 b5 57. axb5+ axb5 58. Ke4 b4 59. c4
b3 60. Nd3 Bd6 61. Kf5 e4 62. Kxe4 Bg3 63. Kd4 Kd6 64. Ke4 Kc6 65. Kd4 Bd6 66.
c5 Be7 67. Kc4 Bf8 68. Ne5+ Kc7 69. Nf3 Be7 70. Kxb3 Bxc5 71. Nxg5 Kd7 72. Kc4
Be3 73. Ne4 Ke6 74. b4 Kf5 75. Kd5 Bb6 76. Nc5 Kf4 77. Kc6 1-0

[Event "4th Sunway Formentera Op"]
[Site "Sant Ferran de ses Roques ESP"]
[Date "2025.04.30"]
[Round "2.8"]
[White "Baillon, Olivier"]
[Black "Fernandez Vazquez, Jorge"]
[Result "1/2-1/2"]
[WhiteElo "2188"]
[BlackElo "1991"]
[WhiteFideId "616141"]
[BlackFideId "22222294"]
[EventDate "2025.04.29"]

1. e4 c6 2. d4 d5 3. e5 c5 4. Nf3 cxd4 5. Nxd4 Nc6 6. Nxc6 bxc6 7. Bd3 e6 8. Nd2
Ne7 9. O-O a5 10. Qe2 Ng6 11. Nf3 Be7 12. Bd2 O-O 13. Rad1 f6 14. exf6 gxf6 15.
Bh6 Rf7 16. Nd4 Qd7 17. Rfe1 Ne5 18. f4 Bc5 19. c3 Nxd3 20. Rxd3 Kh8 21. Re3
Bxd4 22. cxd4 Qa7 23. Qh5 f5 24. Kh1 Qe7 25. Bg5 Qf8 26. Rh3 Raa7 27. Qe2 Qd6
28. Rh6 Kg8 29. Rf1 Ba6 30. Qe1 Bxf1 31. Rxe6 Qd7 32. Re8+ Rf8 33. Re7 Qd6 34.
Rxa7 Bb5 35. Rxa5 Qd7 36. Ra3 Re8 37. Re3 Re4 38. Bf6 Kf7 39. Be5 Ke8 40. Qd2
Qa7 41. a3 Qa4 42. h3 Qc4 43. Kh2 Qa2 44. Rg3 Re2 45. Rg8+ 1/2-1/2

[Event "4th Sunway Formentera Op"]
[Site "Sant Ferran de ses Roques ESP"]
[Date "2025.04.30"]
[Round "2.9"]
[White "Toniolo, Samuel"]
[Black "Auvray, Juliette"]
[Result "1-0"]
[WhiteElo "2115"]
[BlackElo "1971"]
[WhiteFideId "2849203"]
[BlackFideId "695904"]
[EventDate "2025.04.29"]

1. e4 c5 2. Nf3 d6 3. d4 cxd4 4. Nxd4 Nf6 5. Nc3 g6 6. Be3 Nc6 7. f3 h5 8. Qd2
Nxd4 9. Bxd4 Bh6 10. Qf2 Qa5 11. Bc4 O-O 12. O-O Be6 13. Bb3 Bg7 14. Rfe1 Nd7
15. Nd5 Bxd5 16. exd5 Ne5 17. h3 Qb4 18. Bc3 Qb5 19. f4 Nd7 20. Bxg7 Kxg7 21.
Rxe7 Rad8 22. Rae1 Qc5 23. R1e3 b5 24. f5 Ne5 25. fxg6 Nxg6 26. R7e4 Rd7 27. Kh1
a5 28. Qf5 Rc7 29. c3 h4 30. Rf3 Kg8 31. Rg4 Rfc8 32. Qf6 Qa7 33. Bc2 Re7 34.
Bxg6 1-0

[Event "4th Sunway Formentera Op"]
[Site "Sant Ferran de ses Roques ESP"]
[Date "2025.05.01"]
[Round "3.1"]
[White "Fedorchuk, Sergey A."]
[Black "Lopez Martinez, Josep Manuel"]
[Result "1/2-1/2"]
[WhiteTitle "GM"]
[BlackTitle "GM"]
[WhiteElo "2563"]
[BlackElo "2460"]
[WhiteFideId "14102536"]
[BlackFideId "2212943"]
[EventDate "2025.04.29"]

1. e4 e5 2. Nf3 Nc6 3. Bb5 a6 4. Ba4 Nf6 5. d3 d6 6. c4 g6 7. Nc3 Bg7 8. h3 O-O
9. Be3 Nd7 10. Bxc6 bxc6 11. d4 exd4 12. Bxd4 Bh6 13. Qd3 Re8 14. O-O Bb7 15.
Rae1 c5 16. Be3 Bg7 17. Bd2 a5 18. b3 Nb8 19. Bg5 f6 20. Bh4 Nc6 21. Nh2 Qd7 22.
Ng4 Ne5 23. Nxe5 fxe5 24. Bg5 Bc6 25. a4 Rf8 26. Bd2 Bf6 27. Re2 Qe7 28. Nb5
Rfc8 29. Qe3 Bd7 30. Rb1 c6 31. Nc3 Be6 32. Qd3 Rd8 33. Be1 Rd7 34. Qd1 Rb8 35.
Rd2 Qd8 36. Rd3 Be7 37. Qc2 Rdb7 38. Nd1 Qc7 39. Ne3 Rf8 40. Rbd1 Rfb8 41. Ng4
Qc8 42. Rg3 Bh4 43. Rf3 Bxg4 44. hxg4 Be7 45. g5 Ra7 46. Bd2 Qe6 47. Bc1 Rd8 48.
Qe2 Rb8 49. Rdd3 Rf8 50. Rxf8+ Kxf8 51. Bd2 Kg8 52. Kf1 Ra8 53. Ke1 Bd8 54. Kd1
Bc7 55. Kc2 Rf8 56. f3 Qe7 57. Qe1 Qd8 58. Qh1 Re8 59. Qh6 Qd7 60. Bc3 Qf7 61.
Qh3 Qe6 62. Qxe6+ Rxe6 63. g3 Kf8 64. Rd1 Re7 65. Kd3 Rf7 66. Ke3 Ke8 67. Rh1
Bd8 68. f4 Rb7 69. Kd3 Rf7 70. Bd2 Rb7 71. Kc2 Re7 72. Rh6 Kf8 73. f5 Rg7 74. g4
Kg8 75. Rh3 Ra7 76. f6 Kf8 77. Rd3 Rd7 78. Be3 Ke8 79. f7+ Kxf7 80. Bxc5 Ke6 81.
Be3 c5 82. Kd2 Bb6 83. Ke2 Rb7 84. Bd2 Rf7 85. Rf3 Rxf3 1/2-1/2

[Event "4th Sunway Formentera Op"]
[Site "Sant Ferran de ses Roques ESP"]
[Date "2025.05.01"]
[Round "3.2"]
[White "Kogan, Arthur"]
[Black "Dragnev, Valentin"]
[Result "0-1"]
[WhiteTitle "GM"]
[BlackTitle "GM"]
[WhiteElo "2484"]
[BlackElo "2538"]
[WhiteFideId "2800802"]
[BlackFideId "1634852"]
[EventDate "2025.04.29"]

1. d4 Nf6 2. c4 e6 3. Nf3 d5 4. Nc3 h6 5. e3 Be7 6. Bd3 dxc4 7. Bxc4 a6 8. O-O
b5 9. Bd3 Bb7 10. Qe2 Nbd7 11. e4 b4 12. e5 bxc3 13. exf6 Nxf6 14. bxc3 O-O 15.
Rb1 Ra7 16. Be3 Nd5 17. Bd2 Nf6 18. Be3 c5 19. Rfd1 Qc8 20. Ne5 Ba8 21. c4 Rc7
22. Rb3 Rb7 23. Rdb1 Rxb3 24. Rxb3 Rd8 25. Qb2 Qc7 26. h3 Bd6 27. Be2 Ne4 28.
Nd3 Qe7 29. dxc5 Bc7 30. Bf3 a5 31. Qc2 f5 32. Rb1 e5 33. c6 Bxc6 34. Nc5 Nxc5
35. Bxc6 e4 36. Bd5+ Kh8 37. Qe2 Nd3 38. Qh5 Qd6 39. g3 f4 40. gxf4 Nxf4 41.
Bxf4 Qxf4 42. Kf1 Rf8 43. Qe2 e3 44. f3 Qf5 45. Rb2 Be5 46. Rc2 Rb8 47. Qd1
Qxh3+ 48. Ke2 Qg2+ 49. Kd3 Qg6+ 50. Ke2 Bf4 51. Be4 Qg2+ 52. Kd3 Rd8+ 53. Bd5
Qg6+ 54. Ke2 a4 55. Kf1 Qh5 56. Kg1 Re8 57. Rg2 Re5 58. Qe2 Qh4 59. Rg4 Qh3 60.
Be4 Rxe4 61. fxe4 Bh2+ 62. Qxh2 Qxg4+ 63. Qg2 Qd1+ 64. Kh2 e2 65. Qf2 Qf1 0-1

[Event "4th Sunway Formentera Op"]
[Site "Sant Ferran de ses Roques ESP"]
[Date "2025.05.01"]
[Round "3.3"]
[White "Bauer, Thomas"]
[Black "Suvradeepta, Das"]
[Result "1-0"]
[WhiteTitle "CM"]
[BlackTitle "FM"]
[WhiteElo "2245"]
[BlackElo "2324"]
[WhiteFideId "1639293"]
[BlackFideId "5058031"]
[EventDate "2025.04.29"]

1. e4 g6 2. d4 Bg7 3. Nc3 c6 4. h3 d6 5. Be2 Nf6 6. Nf3 Qc7 7. O-O O-O 8. a4 b6
9. Re1 Nbd7 10. Be3 a6 11. Qd2 Bb7 12. Bd3 e5 13. dxe5 dxe5 14. Qc1 b5 15. b3
Rfe8 16. Nb1 Rad8 17. Nbd2 Nf8 18. Bf1 Ne6 19. c4 bxa4 20. c5 axb3 21. Qc3 Nd4
22. Nxd4 exd4 23. Bxd4 Ng4 24. e5 Nh6 25. Ne4 Nf5 26. Nf6+ Bxf6 27. exf6 Nxd4
28. Qxd4 h6 29. Qh4 Kh7 30. Re7 Rxe7 31. fxe7 Re8 32. Re1 Qd7 33. Bc4 b2 34. Ba2
Qd2 35. Qe4 Kg7 36. Qe5+ Kg8 37. f4 Bc8 38. Rf1 Qd7 39. Qf6 Rxe7 40. Qxg6+ Kf8
41. Qxh6+ Kg8 42. Rf3 1-0